Регионална библиотека "Любен Каравелов" - Русе

Paul Cezanne (Запис номер 210569)

MARC детайли
000 -Лидер
Контролно поле с фиксирана дължина 01479nkm a2200385 c 4500
003 - Код на организацията, давaща контролен номер
Контролно поле BLK
005 - Дата и час на последна редакция
Контролно поле 20200429090259.0
008 - Елементи от данни с фиксирана дължина
fixed length control field 180412b bul rap|r|||| r0| ||bulo|
010 ## - Наследен системен номер
LC control number KNG00167035000
040 ## - Източник на каталожния запис
Идентификатор на билиотеката - собственик на записа BLK
041 ## - Код за език
Код за езика на текст/звукозапис или на отделно заглавие Немски
Код за езика КДБФ Немски
080 ## - УДК
Текстов определител УДК Живопис - художници
УДК код - определител по УДК 75.071.1
УДК определител (44)(092)
УДК - код + определител 75.071.1(44)(092)
080 ## - УДК
Текстов определител УДК Френски художник постимпресионист(1839-1906)
УДК код - определител по УДК 929 Сезан, Пол
УДК - код + определител 929 Сезан, Пол
100 1# - Редна дума - Автор
Автор Erpel, Fritz
Авторска отговорност първи автор
R(LIN) 9630
139 ## - Редно поле
Редна дума Erpel, Fritz
Авторски знак Се - С 30
Filing suffix C 42 P
Feature heading C 30 П
245 10 - Сведения за заглавието
Заглавие Paul Cezanne
Подзаглавни данни Mit neunzehn farbigen Tafeln und siebenunddreissig einfarbigen Abbildungen
Редно поле (дума) Fritz Erpel; Пол Сезан.
257 ## - Страна на издаване
Страна на създаване/издаване Германия
260 ## - Област на издателските данни
Име на издателя, разпространителя и проч. Henschel-Verl. Kunst und Ges.
Година на издаване 1973
300 ## - Физическа характеристика
Страници 72 p.
Илюстрации и др. ill.
Размери/Мащаб 28 cm
380 ## - Жанр
Жанр Изкуство
490 1# - СЕРИИ (Колекции)
Име на серия Welt der Kunst
500 ## - Общи забележки
Забележка Библиогр. с. 72.
600 14 - Име на лице, използвано като предмет
За него / За нея Сезан, Пол
9 (RLIN) 119409
600 14 - Име на лице, използвано като предмет
За него / За нея Cezanne, Paul
9 (RLIN) 6976
650 #4 - Допълнително описание по предмет – тема
Основно описание – тема или топоним Художници, френски - албуми
9 (RLIN) 253572
651 #4 - Допълнително описание по предмет - топоним
Географско понятие Франция
9 (RLIN) 179722
653 ## - Ключова дума – ненормативна
Ключова дума френски художници
653 ## - Ключова дума – ненормативна
Ключова дума Пол Сезан
653 ## - Ключова дума – ненормативна
Ключова дума импресионизъм
700 1# - Други автори (авторска отговорност)
Лично име Сезан, Пол
9 (RLIN) 119409
700 1# - Други автори (авторска отговорност)
Лично име Cezanne, Paul
9 (RLIN) 6976
852 ## - Местоположение
Форматна сигнатура Цб Гр А ІІ 2012
Систематично-азбучна сигнатура 75(092)/C 30 П
856 4# - Електронен адрес и достъп
Електронен формат pdf - файл
Път до файла /url/
856 4# - Електронен адрес и достъп
Електронен формат pdf - файл
Път до файла /url/
999 ## - СИСТЕМНИ КОНТРОЛНИ НОМЕРА
Koha biblionumber 210569
Koha biblioitemnumber 210569
942 ## - АРТИКУЛИ
Вид на библиотечния материал Графични издания
Скрит в OPAC Не
Koha issues (borrowed), all copies 1
Периодичен библиозапис Да
944 ## - СЪЗДАВАНЕ И РЕДАКЦИЯ на ЗАПИСА
Създаване/Редакция Създаване
Дата на регистрацията/редакция 07.11.2014
Статус, дата на статуса 07.11.2014 - от С1,Р / 07.11.2014
Служител, извършил регистрацията/редакцията Камелия_Данева
944 ## - СЪЗДАВАНЕ И РЕДАКЦИЯ на ЗАПИСА
Създаване/Редакция Редакция
Дата на регистрацията/редакция 16.01.2017
Статус, дата на статуса 07.11.2014 - от С1,Р / 07.11.2014
Служител, извършил регистрацията/редакцията Виолета_Тройчева
999 ## - СИСТЕМНИ КОНТРОЛНИ НОМЕРА
Koha biblioitemnumber 210569
Наличности
Код за отписване Код за изгубен артикул Източник на класификационната схема Код за повреда Коз за рестрикции Код за отдаване Артикулен № Име на библиотеката - собственик Име на библиотеката, в която се намира в момента Статус (Текущо местоположение) Дата на вписване в системата Местоположение - отдел Цена в лева Инвентарен номер Систематично азбучна сигнатура Баркод Номер на екземпляра Цена в евро Служебна бележка Служебен тип на артикула
  Не е изгубен Universal Decimal Classification Не е повреден без рестрикции заемане за дома 362215 Регионална библиотека "Любен Каравелов" Русе Регионална библиотека "Любен Каравелов" Русе Отдел Изкуство - подръчен фонд 1973-01-01 Отдел Изкуство - подръчен фонд 2.82 171485 75(092)/C 30 П 120000171485 1 1.44 Дост: Pk Вид: Ф N: стар фонд Дата: 01.01.1973 Дата инв: 04.06.2015 Бележки инв: ГрИ2015 Графични издания
Vip Innovations Ltd, Rousse, Bulgaria 2025